MARC

LEADER 00000nam0a2200000 4500
001 284768
005 20231101235728.0
020 |a RU  |b 85-15434 
035 |a (RuTPU)RU\TPU\book\308951 
090 |a 284768 
100 |a 20150218d1984 k y0rusy5003 ca 
101 0 |a rus 
102 |a RU 
105 |a a z 001zy 
200 1 |a Прогрессивная технология чистовой и отделочной обработки  |e тематический сборник научных трудов  |f Челябинский политехнический институт (ЧелПИ) ; под ред. С. Н. Корчака 
210 |a Челябинск  |c Изд-во ЧПИ  |d 1984 
215 |a 110 с.  |c ил. 
320 |a Библиография в конце статей 
606 |a Чистовая обработка поверхностей  |2 stltpush  |3 (RuTPU)RU\TPU\subj\18767  |9 44138 
610 1 |a устройства 
610 1 |a сверление 
610 1 |a протягивание 
610 1 |a огранка 
610 1 |a микрорельеф 
610 1 |a влияние 
610 1 |a износостойкость 
610 1 |a износ 
610 1 |a геометрия 
610 1 |a упругие деформации 
610 1 |a расчет 
610 1 |a шлифование 
610 1 |a углеграфитовые материалы 
610 1 |a шероховатости 
610 1 |a исследование 
610 1 |a теория прочности 
610 1 |a погрешности 
610 1 |a токарные операции 
610 1 |a автоматизация 
610 1 |a поверхности 
610 1 |a обработка 
675 |a 621.923.4  |v 3 
702 1 |a Корчак  |b С. Н.  |g Станислав Николаевич  |4 340 
712 0 2 |a Челябинский политехнический институт (ЧелПИ)  |c (1951-1990)  |2 stltpush  |3 (RuTPU)RU\TPU\col\7924 
801 0 |a RU  |b RuMRKP  |c 19950704  |g psbo 
801 1 |a RU  |b 63413507  |c 20150218 
801 2 |a RU  |b 63413507  |c 20180704  |g RCR 
942 |c BK